000 00666nam a2200241 a 4500
001 00009890
008 110328s2003 ii a g d 000 0 eng d
020 _a8174732055 :
_cTK.135.00
040 _aBD-Dh-IUB
_cBD-Dh-IUB
082 0 4 _a570.3
_219
100 1 _aPuja
245 0 0 _aDictionary of Biology /
_c Puja, Shubhrata R Mishra
250 _a1st ed.
260 _aDelhi :
_bAITBS Publishers,
_c2003.
300 _a401p. :
_billus ;
_c17cm
520 0 _aEnvironment Management
556 _a2004-11-10
650 1 7 _aBiology
_2Spines
650 1 7 _aDictionaries
_2Spines
700 1 _aMishra, Shubhrata R
999 _c3005
_d3005
526 _bls